Stabilita vs. zložité vzťahy v spoločnosti s ručením obmedzeným

Zložitá štruktúra vzťahov medzi spoločníkmi a spoločnosťou, ako aj medzi spoločníkmi navzájom. Právo podieľať sa na správe a riadení spoločnosti. Právo na výkon kontroly a informácie o záležitostiach spoločnosti. Právo uplatňovať nároky spoločnosti – žaloba spoločníka. Normatívne periférne povinnost...

Full description

Saved in:
Bibliographic Details
Main Author: Bič, Jaroslav
Format: Book Chapter
Language:Slovak
Subjects:
Tags: Add Tag
No Tags, Be the first to tag this record!

MARC

LEADER 00000nla a2200000 4500
001 0247788
005 20240417075145.6
041 0 |a slo 
044 |a CZ 
245 1 0 |a Stabilita vs. zložité vzťahy v spoločnosti s ručením obmedzeným  |c Jaroslav Bič 
520 |a Zložitá štruktúra vzťahov medzi spoločníkmi a spoločnosťou, ako aj medzi spoločníkmi navzájom. Právo podieľať sa na správe a riadení spoločnosti. Právo na výkon kontroly a informácie o záležitostiach spoločnosti. Právo uplatňovať nároky spoločnosti – žaloba spoločníka. Normatívne periférne povinnosti spoločníka. Právo žiadať súd o zrušenie jeho účasti v spoločnosti. 
610 2 0 |a spoločnosti s r.o. 
610 2 0 |a riadenie podnikové 
610 2 0 |a správa spoločnosti 
610 2 0 |a spoločníci 
610 2 0 |a zákonník obchodný 
610 2 0 |a zhromaždenia valné 
610 2 0 |a právo 
100 1 |a Bič, Jaroslav